Phân tích và đánh giá hiệu quả sản xuất của mô hình lúa - cá và lúa - màu ở xã Vĩnh Phú Đông, huyện Phước Long, Tỉnh Bạc Liêu Luận văn tốt nghiệp Đại học

Phân tích về tình hình sản xuất của hai mô hình lúa - cá và lúa - màu, những yếu tố ảnh hưởng đến hoạt động sản xuất của hai mô hình này. Những thuận lợi, khó khăn mà người nông dân gặp phải khi thực hiện mô hình. Qua đó giúp đề ra mo...

Полное описание

Сохранить в:
Библиографические подробности
Главный автор: Đào, Thị Tho
Формат:
Язык:Undetermined
Опубликовано: Cần Thơ Trường Đại học Cần Thơ 2008
Предметы:
Метки: Добавить метку
Нет меток, Требуется 1-ая метка записи!
Thư viện lưu trữ: Trung tâm Học liệu Trường Đại học Cần Thơ
LEADER 01383nam a2200217Ia 4500
001 CTU_169384
008 210402s9999 xx 000 0 und d
082 |a 338.16 
082 |b Th400 
100 |a Đào, Thị Tho 
245 0 |a Phân tích và đánh giá hiệu quả sản xuất của mô hình lúa - cá và lúa - màu ở xã Vĩnh Phú Đông, huyện Phước Long, Tỉnh Bạc Liêu 
245 0 |b Luận văn tốt nghiệp Đại học 
245 0 |c Đào Thị Tho ; Lê Khương Ninh (Giáo viên hướng dẫn) 
260 |a Cần Thơ 
260 |b Trường Đại học Cần Thơ 
260 |c 2008 
520 |a Phân tích về tình hình sản xuất của hai mô hình lúa - cá và lúa - màu, những yếu tố ảnh hưởng đến hoạt động sản xuất của hai mô hình này. Những thuận lợi, khó khăn mà người nông dân gặp phải khi thực hiện mô hình. Qua đó giúp đề ra một số phương pháp nâng cao hiệu quả sản xuất của mô hình : 
650 |a Agriculture,Rice,Nông nghiệp,Cây lúa,Fish culture,Nuôi cá 
650 |x Economic aspects,Khía cạnh kinh tế 
904 |i Năm 
980 |a Trung tâm Học liệu Trường Đại học Cần Thơ